Landscape design 1: residence completed works (Record no. 66937)

MARC details
000 -LEADER
fixed length control field 00274nam a22001097a 4500
005 - DATE AND TIME OF LATEST TRANSACTION
control field 20251009112817.0
008 - FIXED-LENGTH DATA ELEMENTS--GENERAL INFORMATION
fixed length control field 251009b |||||||| |||| 00| 0 eng d
040 ## - CATALOGING SOURCE
Transcribing agency PK-LaNCA
082 ## - DEWEY DECIMAL CLASSIFICATION NUMBER
Classification number 712.21
Item number LAN
245 ## - TITLE STATEMENT
Title Landscape design 1: residence completed works
942 ## - ADDED ENTRY ELEMENTS (KOHA)
Koha item type Book
999 ## -
-- 66937
-- 66937
Holdings
Withdrawn status Weedout from Library Permanent Location Current Location Date acquired Full call number Barcode Price effective from Koha item type
    NATIONAL COLLEGE OF ARTS, RAWALPINDI CAMPUS - LIBRARY NATIONAL COLLEGE OF ARTS, RAWALPINDI CAMPUS - LIBRARY 09/10/2025 LAN 712 RP007290 RP007290 09/10/2025 Book
    NATIONAL COLLEGE OF ARTS, RAWALPINDI CAMPUS - LIBRARY NATIONAL COLLEGE OF ARTS, RAWALPINDI CAMPUS - LIBRARY 09/10/2025 LAN 712 RP007291 RP007291 09/10/2025 Book